000 00445nam a2200181Ia 4500
001 24728
005 20260414151102.0
008 260414t2019||||xx |||||||||||||| ||spa||
041 _aESP
082 _a345.727
_bA11
100 _aAbanto Torres, Jaime David
_eAUT
245 0 _aCociliación extrajudicial y judicial
_b
260 _c2019
300 _a668 pƔginas :
_c25 cm.
650 _aDER
654 _aCDE
942 _cLIB
_dJUS
_fJUS
_2ddc
_n
999 _c24728
_d24728